| 000 | 00940nam a22002657a 4500 | ||
|---|---|---|---|
| 999 |
_c22431 _d22431 |
||
| 003 | OSt | ||
| 005 | 20220613103717.0 | ||
| 008 | 180228s2017 pe 000 0 spa | ||
| 020 | _a9786123195632 | ||
| 040 | _cBiblioteca Municipal de Cusco | ||
| 082 |
_a303.625985/P26 _bP26 |
||
| 100 |
_aParedes, Carlos _d1969- _eautor _947955 |
||
| 245 |
_aLa hora final : _bla verdad sobre la captura de Abimael Guzmán / _cCarlos Paredes |
||
| 250 | _aPrimera edición. | ||
| 260 |
_aLima : _bPlaneta, _bQuadgraphics, _c2020. |
||
| 300 |
_a254 páginas. : _c23 cm. |
||
| 500 | _a"Memoria Perú"--Cubierta. | ||
| 504 | _aBibliografía: páginas 251-254. | ||
| 600 |
_aGuzmán Reinoso, Abimael _d1934 _xActividad política _948147 |
||
| 610 |
_aSendero Luminoso (Grupo guerrillero) _948148 |
||
| 650 |
_aTerrorismo _zPerú _948149 |
||
| 650 |
_aViolencia política _zPerú _948150 |
||
| 650 |
_aPartidos comunistas _zPerú _948151 |
||
| 942 |
_2ddc _cLIBROS |
||